Cities in the Charlotte Metropolitan Area - Statistics

General Stats
  • This quiz has been taken 13 times
  • The average score is 11 of 78
Answer Stats
Rank City Population % Correct
1 Charlotte 897,720
100%
2 Concord 109,896
86%
3 Gastonia 82,653
86%
5 Huntersville 63,035
71%
6 Kannapolis 55,448
71%
7 Mooresville 52,656
71%
4 Rock Hill 75,349
57%
10 Salisbury 35,808
57%
27 Lincolnton 11,818
43%
21 Davidson 15,771
29%
8 Indian Trail 41,724
29%
13 Matthews 30,124
29%
15 Mint Hill 27,143
29%
18 Mount Holly 18,255
29%
29 Pineville 10,886
29%
24 Tega Cay 13,689
29%
32 York 8,648
29%
22 Belmont 15,353
14%
38 Bessemer City 5,563
14%
33 Clover 7,405
14%
11 Cornelius 32,294
14%
39 Cramerton 5,441
14%
37 Dallas 6,084
14%
12 Fort Mill 30,940
14%
17 Harrisburg 19,822
14%
28 Kings Mountain 11,638
14%
31 Lancaster 8,829
14%
9 Monroe 36,018
14%
19 Morganton 17,602
14%
26 Newton 13,337
14%
20 Stallings 16,768
14%
14 Statesville 29,681
14%
16 Waxhaw 22,533
14%
23 Weddington 13,717
14%
30 Wesley Chapel 9,040
14%
36 Cherryville 6,207
0%
40 Chester 5,187
0%
44 China Grove 4,434
0%
64 Cleveland 846
0%
61 East Spencer 1,567
0%
50 Fairview 3,456
0%
65 Faith 819
0%
62 Fort Lawn 962
0%
54 Granite Quarry 2,984
0%
57 Great Falls 1,951
0%
68 Harmony 570
0%
66 Heath Springs 742
0%
60 Hemby Bridge 1,614
0%
71 Hickory Grove 449
0%
67 High Shoals 595
0%
58 Kershaw 1,693
0%
52 Lake Park 3,269
0%
25 Lake Wylie 13,655
0%
48 Landis 3,690
0%
72 Lattimore 406
0%
69 Lawndale 570
0%
42 Locust 4,537
0%
76 Love Valley 160
0%
49 Lowell 3,654
0%
75 Lowrys 184
0%
55 Marshville 2,522
0%
35 Marvin 6,624
0%
63 McAdenville 890
0%
73 McConnells 280
0%
41 Midland 4,684
0%
53 Mineral Springs 3,159
0%
59 Mount Pleasant 1,671
0%
43 Ranlo 4,511
0%
74 Richburg 280
0%
56 Rockwell 2,302
0%
70 Sharon 462
0%
77 Smyrna 55
0%
51 Spencer 3,308
0%
78 Spencer Mountain 0
0%
46 Stanley 3,963
0%
47 Troutman 3,698
0%
34 Unionville 6,875
0%
45 Wingate 4,055
0%
No matching quizzes found
Score Distribution
Percent of People with Each Score
Percentile by Number Answered
Your Score History
You have not taken this quiz